| 000 | 00609nam a2200229Ia 4500 | ||
|---|---|---|---|
| 003 | OSt | ||
| 005 | 20250723094505.0 | ||
| 008 | 210423s2013 xx 000 0 und d | ||
| 020 | _a9780521125802 | ||
| 040 | _cAL | ||
| 041 | _aEnglish | ||
| 082 |
_a144.3 _bMALC |
||
| 100 |
_aAlan Malachowski _9102297 |
||
| 245 | _aCambridge companion to pragmatism | ||
| 260 |
_aNew York _bCambridge University Press _c2013 |
||
| 300 |
_axv,378p _bPB |
||
| 365 |
_b2060.42 _cGBP |
||
| 650 |
_aPhilosophy _9102298 |
||
| 650 |
_aPhilosophy _9102298 |
||
| 906 | _aCambridge ; companion ; pragmatism | ||
| 942 |
_2ddc _cBK |
||
| 999 |
_c165836 _d165836 |
||